书目信息 |
| 题名: |
特殊病例的麻醉处理
|
|
| 作者: | ;江苏医药编辑部 编 | |
| 分册: | ||
| 出版信息: | 南京 江苏科学技术出版社 1983 |
|
| 页数: | 334页 | |
| 开本: | 19cm | |
| 丛书名: | ||
| 单 册: | ||
| 中图分类: | R614 | |
| 科图分类: | ||
| 主题词: | 麻醉学 | |
| 电子资源: | ||
| ISBN: | ||
| 000 | 00661nam0 2200241 45 | |
| 001 | 0183000932 | |
| 005 | 20040521152845.3 | |
| 010 | @dCNY1.20 | |
| 091 | @a14196.107 | |
| 100 | @a19950622d1983 emky0chiy0121 ea | |
| 101 | 0 | @achi |
| 102 | @aCN@b320000 | |
| 105 | @ay z 000yy | |
| 106 | @ar | |
| 200 | 10 | @a特殊病例的麻醉处理@Ate shu bing li de ma zui chu li@f《江苏医药》编辑部编 |
| 210 | @a南京@c江苏科学技术出版社@d1983 | |
| 215 | @a334页@d19cm | |
| 606 | @a麻醉学 | |
| 690 | @aR614@v3 | |
| 711 | 02 | @a江苏医药编辑部@Ajiang su yi yao bian ji bu@4编 |
| 801 | 0 | @aCN@b上海图书馆@c20040521 |
| 801 | 2 | @aCN@bNLC@c20040521 |
| 905 | @f1@b101823@dR614@e7 | |
| 特殊病例的麻醉处理/《江苏医药》编辑部编.-南京:江苏科学技术出版社,1983 |
| 334页;19cm |
| ISBN :CNY1.20 |
| ● |
| 相关链接 |
|
|
|
|
正题名:特殊病例的麻醉处理
索取号:R614/7
 
预约/预借
| 序号 | 登录号 | 条形码 | 馆藏地/架位号 | 状态 | 备注 |
| 1 | 0101823 | 000715408 | 第三借阅区/ [索取号:R614/7] | 在馆 | |
| 2 | 0101824 | 000715382 | 第二样本阅览室/ [索取号:R614/7] | 在馆 |